00321nam a2200109Ia 4500008004100000082000800041100002100049245002500070942000600095952009500101999001500196240331s9999 xx 000 0 und d bITH aJayasankar,V. ed 0aIthu emathu padaippu cL 001040708LaWERCLbWERCLcSSCd2024-03-31l0o 792 ITHp4446r2024-03-31w2024-03-31yL c3667d3667